000 00702nam a2200193 a 4500
003 PILC
005 20150112093447.0
008 100728s19uu xx 00 eng d
020 _a9719157933
050 _aBX 4705.S639
_b.B85 2001
082 _aSFf 920
_bC23 2001
100 _aCarrion-Buck, Maria Rosa N.
_920812
245 _aThe legacy of sin :
_ba man of peace /
_cMaria Rosa N. Carrion-Buck and Maria Lourdes Javier-Brillantes
260 _aParaƱaque City, Philippines :
_bSeagull Philippines, Inc,
_c2001.
300 _a244 pages :
_bcolored illustration ;
_c30 cm.
650 _aBibiography - Jaime Cardinal Sin
_928048
700 _aJavier-Brillantes, Maria Lourdes
_928049
942 _2lcc
_cBK
999 _c14940
_d14940